000 00549nam a22001697a 4500
003 MACL
005 20160609161317.0
008 160609b xxu||||| |||| 00| 0 eng d
040 _cMACL
041 _aHindi
082 _a800
100 _aशरण, गिरिराज
_963329
245 _aसाहित्यिक परिवेश व्‍यंग्‍य
_cगिरिराज शरण
260 _aनई दिल्‍ली
_bप्रभात प्रकाशन
650 _aLiterature
_963606
942 _2ddc
_cHIN
999 _c54260
_d54260